Theories of international trade (Record no. 395946)

MARC details
000 -LEADER
fixed length control field 00517 a2200205 4500
005 - DATE & TIME
control field 20260401142043.0
008 - FIXED-LENGTH DATA ELEMENTS--GENERAL INFORMATION
fixed length control field 260401b |||||||| |||| 00| 0 eng d
020 ## - ISBN
International Standard Book Number 9789347033094
Price Rs. 2995.00
040 ## - CATALOGING SOURCE
Original cataloging agency VIVEKANANDA LIBRARY
082 ## - DDC NUMBER
Classification number 382.01
Book Number K849T
100 ## - MAIN ENTRY--PERSONAL NAME
Personal name Kothari, Sanjay
245 ## - TITLE STATEMENT
Title Theories of international trade
260 ## - PUBLICATION, DISTRIBUTION, ETC. (IMPRINT)
Name of publisher, distributor, etc Academic Press
Date of publication, distribution, etc 2026
Place of publication, distribution, etc Delhi
300 ## - PHYSICAL DESCRIPTION
Pages 110
650 ## - Subject
Subject Economics
650 ## - Subject
Subject Economics
650 ## - Subject
Subject International Commerce
650 ## - Subject
Subject Foreign Trade
942 ## - ADDED ENTRY ELEMENTS (KOHA)
Koha item type Books
Holdings
Withdrawn status Lost status Source of classification or shelving scheme Damaged status Not for loan Location (home branch) Sublocation or collection (holding branch) Shelving location Date acquired Koha issues (times borrowed) Koha full call number Accession No. Koha date last seen Koha item type
    Dewey Decimal Classification     VIVEKANANDA LIBRARY VIVEKANANDA LIBRARY Vivekananda Library 19/02/2026   382.01 K849T 438540 19/02/2026 Books
    Dewey Decimal Classification     VIVEKANANDA LIBRARY VIVEKANANDA LIBRARY Vivekananda Library 19/02/2026   382.01 K849T 438539 19/02/2026 Books
© Designed and Maintained by Vivekananda Library, MDU Rohtak